Stations du Métro de Paris par lettre - B - Statistiques

Statistiques générales
  • Ce quiz a été pris 684 fois
  • Le résultat moyen est 14 sur 28
Statistiques - réponses
Lignes Stations % Correct
1,5,8 Bastille
82%
2,4 Barbès Rochechouart
78%
2,11 Belleville
70%
6,14 Bercy
69%
8 Balard
66%
8,9 Bonne Nouvelle
62%
14 Bibliothèque François Mitterrand
57%
5 Bobigny - Pablo Picasso
55%
6 Bir-Hakeim Tour Eiffel
54%
2 Blanche
54%
7bis Botzaris
53%
4 Bagneux - Lucie Aubrac
52%
7bis Bolivar
52%
7bis Buttes Chaumont
51%
6 Bel-Air
49%
1 Bérault
47%
4 Barbara
46%
8 Boucicaut
46%
6 Boissière
45%
9 Billancourt
44%
5 Bréguet - Sabin
43%
9 Buzenval
43%
5 Bobigny - Pantin Raymond Queneau
42%
10 Boulogne Pont de Saint-Cloud
41%
3 Bourse
41%
13 Brochant
39%
10 Boulogne Jean Jaurès
37%
13 Basilique de Saint-Denis
30%
Aucun quiz correspondant
Distribution des résultats
% des personnes avec chaque résultat
Percentile par nombre de réponses
Votre historique - résultats
Vous n’avez pas pris ce quiz